|
|
|
|
| LEADER |
00000nab a2200000u 4500 |
| 001 |
vtls011998837 |
| 003 |
SK-MaSNL |
| 005 |
20260303210802.0 |
| 008 |
201020|2020 xo ||||||| ||00 ||slo| |
| 038 |
|
|
|a KEVKJB
|
| 040 |
|
|
|a KEVKJB
|b slo
|e rda
|
| 041 |
0 |
|
|a slo
|
| 043 |
|
|
|a e-xo---
|
| 044 |
|
|
|a xo
|c SK
|
| 072 |
|
7 |
|a 614
|x Verejné zdravie a hygiena
|2 konspekt
|
| 080 |
|
|
|a 614.21
|2 2011
|
| 100 |
1 |
|
|a Gécziová, Katarína
|4 aut
|9 1031787
|
| 245 |
1 |
0 |
|a Bývalá úrazovka pripomína opustené nemocnice z hororov. Straší tam rozobraté cétečko aj postele
|b v nevyužívanej budove tečie voda, svietia svetlá, funguje výťah. ...
|c Katarína Gécziová
|
| 300 |
|
|
|b Fotografie
|
| 336 |
|
|
|a text
|b txt
|2 rdacontent
|
| 337 |
|
|
|a bez média
|b n
|2 rdamedia
|
| 338 |
|
|
|a zväzok
|b nc
|2 rdacarrier
|
| 610 |
2 |
7 |
|a Univerzitná nemocnica L. Pasteura Košice
|2 SNKKAnba
|9 155401
|
| 650 |
0 |
7 |
|a nemocnice
|2 SNKPH
|9 3008
|
| 650 |
0 |
7 |
|a historické budovy
|2 SNKPH
|9 31778
|
| 651 |
|
7 |
|a Košice (Slovensko)
|2 SNKPHgeo
|9 18694
|
| 651 |
|
7 |
|a Rastislavova ulica (Košice, Slovensko)
|2 kevkjb
|9 218229
|
| 773 |
0 |
|
|t Košický večer
|g Roč. 53, č. 41 (2020), s. 2-3
|x 1336-5320
|
| 852 |
|
|
|a KEVKJB
|b KIS3GCP
|
| 856 |
4 |
1 |
|u https://kosice.korzar.sme.sk/c/22507778/cetecko-a-lozka-roky-prazdny-nemocnicny-dom-duchov-je-plny-veci.html?ref=njctse
|
| 958 |
|
|
|a MI
|
| 999 |
|
|
|c 2201692
|d 2203622
|